000 00447nam a2200169Ia 4500
008 220216s9999 xx 000 0 und d
100 _aRajeeve K P
245 0 _aTapping labour community in Muvattupuzha Taluk: An analysis
260 _bRubber Board Bulletin
_c2014
300 _a14-Oct
650 _aMuvattupuzha
650 _aRubber tappers
650 _aSocio-economic profile
700 _aBabu K C
700 _aJose V C
942 _cJS
999 _c70232
_d70232